History Quiz

Random History or Clickable Quiz
Score 0/30 Timer 05:00
1 Play Today
% Correct
Paul
94.6%
Pablo
94%
Phil
91.5%
Paula
91%
Priscilla
88.8%
Pete
88.5%
Pol
87.8%
Patsy
86.6%
Pancho
84.9%
Plácido
83.3%
Peyton
83%
Perry
82.1%
Patrick
80.6%
Pierre
75.6%
Pyotr
75%
% Correct
Patty
74.7%
Percy
67.8%
Pearl
66.4%
Paddy
66%
Peggy
63.1%
Pedro
57.7%
Paulo
56.5%
Paavo
55%
Pietro
51.4%
Pervez
51.2%
Piet
51%
Patricia
50.7%
Pavel
48.7%
Phillis
46.4%
Patrice
35.2%
Remove Ads.
Support Sporcle.
Get the best of Sporcle when you Go Orange. This ad-free experience offers more features, more stats, and more fun while also helping to support Sporcle. Thank you for becoming a member.

You're not logged in!

Compare scores with friends on all Sporcle quizzes.
OR
Log In

Sporcle TV

Today on Sporcle TV


Watch our educational content, quiz creation guides, and fun videos on Sporcle TV.

Show Comments

Extras

Top Quizzes Today


Score Distribution

Paid Content

Your Account Isn't Verified!

In order to create a playlist on Sporcle, you need to verify the email address you used during registration. Go to your Sporcle Settings to finish the process.

Report this User

Report this user for behavior that violates our Community Guidelines.

Details: